[Event "GRE-chT 50th"]
[Site "Nikaia"]
[Date "2023.08.27"]
[Round "4.10"]
[White "Psarianou, Eleni"]
[Black "Palaiologou, Apostolos"]
[Result "0-1"]
[WhiteElo "1206"]
[BlackElo "1625"]
[PlyCount "94"]
[EventDate "2023.08.25"]
[EventType "team"]
[EventRounds "9"]
[EventCountry "GRE"]
[SourceTitle "EXT 2024"]
[Source "ChessBase"]
[SourceDate "2023.10.10"]
[SourceVersion "1"]
[SourceVersionDate "2023.10.10"]
[SourceQuality "1"]
[WhiteTeam "Khanion"]
[BlackTeam "Kerkeras"]
[WhiteTeamCountry "GRE"]
[BlackTeamCountry "GRE"]

1. d4 Nf6 2. c4 g6 3. Nc3 Bg7 4. e4 d6 5. h3 0-0 6. Nf3 e5 7. d5 a5 8. Be3 Na6 9. Bd3 Nd7 10. 0-0 Ndc5 11. Bc2 f5 12. Re1 f4 13. Bxc5 Nxc5 14. a3 b6 15. b4 Nb7 16. Ba4 h5 17. Nd2 Qg5 18. Kh2 Qh6 19. Rf1 g5 20. g3 Bf6 21. Qe2 Rf7 22. Be8 Rh7 23. Bc6 Rb8 24. Rg1 Kh8 25. Nb3 Bxh3 26. Rh1 Bg4 27. f3 Bc8 28. Qg2 g4 29. fxg4 Bxg4 30. gxf4 exf4 31. Rac1 Be5 32. Qc2 f3+ 33. Kg1 Qe3+ 34. Qf2 Qd3 35. Qc2 Qe3+ 36. Qf2 Qf4 37. Rc2 Nd8 38. Bb5 axb4 39. axb4 Nf7 40. Nd2 Ng5 41. Kf1 Ra8 42. Ra2 Rxa2 43. Nxa2 Nh3 44. Qe1 f2 45. Qc1 Qg3 46. c5 Qg1+ 47. Rxg1 fxg1Q# 0-1

[Event "GRE-ch U12"]
[Site "Peristeri"]
[Date "2023.07.04"]
[Round "2"]
[White "Palaiologou, Apostolos"]
[Black "Sasso, Nikolaos Dimitrios"]
[Result "1-0"]
[WhiteElo "1618"]
[BlackElo "1121"]
[PlyCount "73"]
[EventDate "2023.07.03"]
[EventType "swiss"]
[EventRounds "9"]
[EventCountry "GRE"]
[SourceTitle "EXT 2024"]
[Source "ChessBase"]
[SourceDate "2023.10.10"]
[SourceVersion "1"]
[SourceVersionDate "2023.10.10"]
[SourceQuality "1"]

1. e4 c5 2. Nf3 e6 3. d4 cxd4 4. Nxd4 a6 5. Nc3 b5 6. a3 Qc7 7. g3 Bb7 8. Bg2 Nf6 9. 0-0 Bc5 10. Be3 0-0 11. h3 d6 12. Qe2 Qb6 13. Rad1 Nc6 14. Nxc6 Qxc6 15. Bd4 e5 16. Be3 Bxe3 17. Qxe3 Rfd8 18. Rd2 Rd7 19. Rfd1 Rad8 20. g4 Qc4 21. g5 Nh5 22. Bf3 Nf4 23. Bg4 Ne6 24. b3 Qc6 25. Nd5 Ba8 26. h4 Rb8 27. Bf5 a5 28. h5 Kh8 29. g6 Rdd8 30. gxf7 Nd4 31. Rxd4 exd4 32. Qg5 Qxc2 33. Rc1 Qxb3 34. h6 Rg8 35. fxg8Q+ Rxg8 36. hxg7+ Rxg7 37. Rc8+ 1-0

[Event "Nikaia op 29th"]
[Site "Nikaia"]
[Date "2022.09.01"]
[Round "1"]
[White "Palaiologou, Apostolos"]
[Black "Makka, Ioulia"]
[Result "1/2-1/2"]
[WhiteElo "1463"]
[BlackElo "1975"]
[PlyCount "102"]
[EventDate "2022.09.01"]
[EventType "swiss"]
[EventRounds "9"]
[EventCountry "GRE"]
[SourceTitle "CBM 210 Extra"]
[Source "ChessBase"]
[SourceDate "2022.11.30"]
[SourceVersion "1"]
[SourceVersionDate "2022.11.30"]
[SourceQuality "1"]

1. e4 c6 2. d4 d5 3. exd5 cxd5 4. c4 Nf6 5. Nc3 e6 6. Nf3 Bb4 7. Bg5 Nc6 8. Bd3 dxc4 9. Bxc4 0-0 10. 0-0 Be7 11. a3 a6 12. Ba2 Qb6 13. Qb3 Qxb3 14. Bxb3 b5 15. d5 Na5 16. Ba2 Nc4 17. a4 exd5 18. axb5 axb5 19. Nxb5 Rb8 20. Nc3 Bb7 21. Bxc4 dxc4 22. Ne5 Rfc8 23. Bxf6 gxf6 24. Nd7 Ra8 25. Nb6 Rxa1 26. Rxa1 Rc6 27. Nbd5 Bf8 28. Ra7 Re6 29. Kf1 Bc6 30. Ne3 Bc5 31. Rc7 Bxe3 32. fxe3 Kg7 33. Kf2 Rd6 34. Ne2 Kg6 35. Nd4 Bd5 36. Rc5 f5 37. Ne2 Be6 38. Nf4+ Kf6 39. Nxe6 fxe6 40. Rxc4 Rd2+ 41. Kf3 Rxb2 42. Rh4 Kg6 43. g4 Rb3 44. gxf5+ exf5 45. Rf4 Ra3 46. Rb4 Ra1 47. e4 fxe4+ 48. Rxe4 Ra3+ 49. Kg2 Rb3 50. Ra4 h5 51. Ra5 Rc3 1/2-1/2

[Event "GRE-chT 49th"]
[Site "Thessaloniki"]
[Date "2022.08.17"]
[Round "7.7"]
[White "Kartsakis, Ioannis"]
[Black "Palaiologou, Apostolos"]
[Result "1/2-1/2"]
[WhiteElo "1109"]
[BlackElo "1463"]
[PlyCount "86"]
[EventDate "2022.08.12"]
[EventType "team-swiss"]
[EventRounds "7"]
[EventCountry "GRE"]
[SourceTitle "CBM 209 Extra"]
[Source "ChessBase"]
[SourceDate "2022.09.30"]
[SourceVersion "1"]
[SourceVersionDate "2022.09.30"]
[SourceQuality "1"]
[WhiteTeam "OFI"]
[BlackTeam "Kerkeras"]
[WhiteTeamCountry "GRE"]
[BlackTeamCountry "GRE"]

1. d4 d5 2. Nf3 c5 3. e3 e6 4. Be2 Nf6 5. 0-0 Nc6 6. b3 cxd4 7. exd4 Bd6 8. Bb2 0-0 9. Nbd2 Bd7 10. c4 Re8 11. Ne5 Qe7 12. f4 Ba3 13. Bxa3 Qxa3 14. Ndf3 dxc4 15. Bxc4 Qd6 16. Kh1 Ne7 17. Qe2 Ned5 18. Nxd7 Nxd7 19. Ne5 a6 20. Nxd7 Qxd7 21. Bxd5 Qxd5 22. Qe5 Red8 23. Rfd1 f6 24. Qe3 Rd7 25. Rd2 Rc8 26. Rad1 e5 27. fxe5 fxe5 28. h3 e4 29. Re2 Re7 30. Red2 Rec7 31. Re2 Re8 32. Red2 b5 33. Qg3 Rc6 34. Qe3 b4 35. Qe2 a5 36. Rc2 Rec8 37. Rxc6 Rxc6 38. Re1 Qxd4 39. Qb5 Qc5 40. Qb8+ Rc8 41. Qf4 Qc6 42. Kh2 Rf8 43. Qe5 Re8 1/2-1/2

[Event "GRE-chT 49th"]
[Site "Thessaloniki"]
[Date "2022.08.12"]
[Round "1.7"]
[White "Margaritis, Ioannis M"]
[Black "Palaiologou, Apostolos"]
[Result "1/2-1/2"]
[WhiteElo "1498"]
[BlackElo "1463"]
[PlyCount "89"]
[EventDate "2022.08.12"]
[EventType "team-swiss"]
[EventRounds "7"]
[EventCountry "GRE"]
[SourceTitle "CBM 209 Extra"]
[Source "ChessBase"]
[SourceDate "2022.09.30"]
[SourceVersion "1"]
[SourceVersionDate "2022.09.30"]
[SourceQuality "1"]
[WhiteTeam "Amo Galaxias"]
[BlackTeam "Kerkeras"]
[WhiteTeamCountry "GRE"]
[BlackTeamCountry "GRE"]

1. d4 d5 2. c4 e6 3. Nc3 c5 4. cxd5 exd5 5. Nf3 Nf6 6. Bg5 Be6 7. e3 Nc6 8. Bd3 c4 9. Bb1 Be7 10. 0-0 0-0 11. h3 h6 12. Bh4 Qc8 13. Nh2 Rd8 14. g4 Nxg4 15. Bxe7 Nxh2 16. Bxd8 Nxf1 17. Bh4 Bxh3 18. Nxd5 g5 19. Bxg5 hxg5 20. Qh5 Qg4+ 21. Qxg4 Bxg4 22. Nf6+ Kg7 23. Nxg4 Nd2 24. Bc2 Nb4 25. Bf5 Nf3+ 26. Kf1 Nh4 27. Bb1 Rc8 28. a3 Nd3 29. Bxd3 cxd3 30. Rd1 Rc2 31. Rxd3 Rxb2 32. Rc3 Nf3 33. Rc7 Nd2+ 34. Kg2 Ne4 35. Re7 Nd6 36. Ne5 Kf8 37. Rd7 Rb6 38. Kf3 f5 39. a4 a5 40. Rd8+ Ke7 41. Ra8 Rb2 42. Rxa5 Rd2 43. Ng6+ Kf6 44. Nf8 Ne4 45. Nd7+ 1/2-1/2

[Event "GRE-ch U10"]
[Site "Patras"]
[Date "2021.09.05"]
[Round "9"]
[White "Nikolakopoulos, Leonidas Marios"]
[Black "Palaiologou, Apostolos"]
[Result "0-1"]
[WhiteElo "1175"]
[BlackElo "1454"]
[PlyCount "52"]
[EventDate "2021.08.30"]
[EventType "swiss"]
[EventRounds "9"]
[EventCountry "GRE"]
[SourceTitle "EXT 2022"]
[Source "ChessBase"]
[SourceDate "2021.10.06"]
[SourceVersion "1"]
[SourceVersionDate "2021.10.06"]
[SourceQuality "1"]

1. e4 c5 2. Nf3 d6 3. Bb5+ Bd7 4. Bxd7+ Nxd7 5. 0-0 g6 6. c3 Bg7 7. d4 cxd4 8. cxd4 e6 9. Nc3 a6 10. Qb3 Qb6 11. Qxb6 Nxb6 12. Bf4 Rd8 13. Rac1 Ne7 14. Ne2 Nc6 15. Rfd1 0-0 16. d5 exd5 17. exd5 Nb4 18. Rc7 N4xd5 19. Rxb7 Rfe8 20. Be3 Nxe3 21. fxe3 Nc4 22. Rc1 d5 23. b3 Bh6 24. Rc2 Nd6 25. Ra7 Bxe3+ 26. Kf1 Bxa7 0-1

[Event "GRE-ch U10"]
[Site "Patras"]
[Date "2021.09.02"]
[Round "5"]
[White "Merkouropoulos, Dionysios"]
[Black "Palaiologou, Apostolos"]
[Result "1-0"]
[WhiteElo "1405"]
[BlackElo "1454"]
[PlyCount "81"]
[EventDate "2021.08.30"]
[EventType "swiss"]
[EventRounds "9"]
[EventCountry "GRE"]
[SourceTitle "EXT 2022"]
[Source "ChessBase"]
[SourceDate "2021.10.06"]
[SourceVersion "1"]
[SourceVersionDate "2021.10.06"]
[SourceQuality "1"]

1. d4 Nf6 2. c4 c5 3. d5 g6 4. Nc3 Bg7 5. e4 d6 6. h3 0-0 7. Bd3 e6 8. Nf3 exd5 9. exd5 Re8+ 10. Be3 Bh6 11. 0-0 Bg7 12. Qd2 Bf5 13. Bxf5 gxf5 14. Bh6 Ne4 15. Qf4 Qf6 16. Bxg7 Kxg7 17. Rae1 Na6 18. Nxe4 fxe4 19. Rxe4 Qxf4 20. Rxf4 Re2 21. Ng5 Kg6 22. Nxf7 Rf8 23. Ne5+ Kg7 24. Rg4+ Kh8 25. Nd3 Nb4 26. Nxb4 cxb4 27. b3 Rg8 28. f4 Rxa2 29. f5 Ra3 30. Rf3 Rxg4 31. hxg4 a5 32. c5 Ra1+ 33. Rf1 Ra2 34. Rd1 a4 35. bxa4 Kg8 36. cxd6 Kf8 37. d7 Ke7 38. f6+ Kxd7 39. f7 Ke7 40. d6+ Kxf7 41. d7 1-0

[Event "EU-ch Amateur Online 1700/2000"]
[Site "Tornelo INT"]
[Date "2021.04.24"]
[Round "3"]
[White "Jaques, Hannibal Valeur"]
[Black "Palaiologou, Apostolos"]
[Result "0-1"]
[WhiteElo "1856"]
[BlackElo "1406"]
[PlyCount "124"]
[EventDate "2021.04.24"]
[EventType "swiss (rapid)"]
[EventRounds "8"]
[EventCountry "NET"]
[SourceTitle "EXT 2023"]
[Source "ChessBase"]
[SourceDate "2022.10.05"]
[SourceVersion "1"]
[SourceVersionDate "2022.10.05"]
[SourceQuality "1"]

1. e4 c5 2. c3 g6 3. d4 cxd4 4. cxd4 d5 5. exd5 Nf6 6. Nc3 Nxd5 7. Bc4 e6 8. Nf3 Bg7 9. 0-0 0-0 10. Bd2 Nc6 11. Bg5 Qa5 12. Qd2 Nb6 13. Be2 e5 14. d5 Nd4 15. d6 Be6 16. Nxd4 exd4 17. Nb5 Qxd2 18. Bxd2 Bc4 19. Bxc4 Nxc4 20. Bf4 a6 21. Na3 Nxb2 22. Rab1 Nd3 23. Bg3 b5 24. Rfd1 Ne5 25. f4 Ng4 26. Nc2 Rfd8 27. h3 Nh6 28. Nxd4 Bxd4+ 29. Rxd4 Nf5 30. Rd3 Nxg3 31. Rxg3 Rxd6 32. Rc1 Rad8 33. Rc7 Rd1+ 34. Kh2 R1d3 35. Rxd3 Rxd3 36. Ra7 Ra3 37. g4 Rxa2+ 38. Kg3 a5 39. Kh4 Kg7 40. f5 gxf5 41. gxf5 b4 42. Kg5 h6+ 43. Kh5 b3 44. Rb7 a4 45. Rb6 Rh2 46. h4 b2 47. f6+ Kh7 48. Rb7 a3 49. Rxf7+ Kg8 50. Rb7 a2 51. f7+ Kg7 52. f8Q+ Kxf8 53. Rb8+ Ke7 54. Rb7+ Kd8 55. Rb8+ Kc7 56. Ra8 a1Q 57. Ra7+ Kb6 58. Rxa1 bxa1Q 59. Kg6 Qa5 60. Kh7 Rg2 61. Kh8 Qe5+ 62. Kh7 Qg7# 0-1

[Event "EU-ch Amateur Online 1700/2000"]
[Site "Tornelo INT"]
[Date "2021.04.24"]
[Round "1"]
[White "Kazmierowski, Tymon"]
[Black "Palaiologou, Apostolos"]
[Result "1-0"]
[WhiteElo "1846"]
[BlackElo "1406"]
[PlyCount "119"]
[EventDate "2021.04.24"]
[EventType "swiss (rapid)"]
[EventRounds "8"]
[EventCountry "NET"]
[SourceTitle "EXT 2023"]
[Source "ChessBase"]
[SourceDate "2022.10.05"]
[SourceVersion "1"]
[SourceVersionDate "2022.10.05"]
[SourceQuality "1"]

1. e4 c5 2. Nf3 d6 3. d4 cxd4 4. Nxd4 Nf6 5. Nc3 a6 6. Be3 e5 7. Nb3 Be7 8. Qd2 Be6 9. f4 Ng4 10. f5 Bd7 11. Be2 Nxe3 12. Qxe3 Bc6 13. Qd3 Nd7 14. 0-0-0 Nf6 15. g4 Qc7 16. g5 Nd7 17. h4 0-0-0 18. Nd5 Bxd5 19. Qxd5 Nb6 20. Qd3 Kb8 21. Bf3 h6 22. Rhg1 hxg5 23. hxg5 Rh2 24. Rd2 Rdh8 25. Kb1 Nc4 26. Rxh2 Rxh2 27. a3 a5 28. Be2 b5 29. Nd2 Qb6 30. Rg3 Nxd2+ 31. Qxd2 Qf2 32. Qxa5 Qxg3 33. Qb6+ Ka8 34. Bxb5 Qe1+ 35. Ka2 Rxc2 36. Bc6+ Rxc6 37. Qxc6+ Kb8 38. Qe8+ Ka7 39. Qxe7+ Ka8 40. Qf8+ Ka7 41. Qxf7+ Ka6 42. Qc4+ Ka7 43. Qc7+ Ka8 44. Qd8+ Ka7 45. Qe7+ Ka6 46. Qxd6+ Kb7 47. Qxe5 Qf1 48. Qd5+ Kc8 49. Qc5+ Kb8 50. Qf8+ Ka7 51. Qxg7+ Ka6 52. Qf6+ Kb7 53. Qe7+ Ka8 54. Qe6 Kb8 55. f6 Kc7 56. f7 Qc1 57. f8Q Qc6 58. Qxc6+ Kxc6 59. Qf6+ Kc7 60. Qe6 1-0

[Event "EU-ch Amateur Online 1700/2000"]
[Site "Tornelo INT"]
[Date "2021.04.24"]
[Round "5"]
[White "Melnikova, Diana V"]
[Black "Palaiologou, Apostolos"]
[Result "1-0"]
[WhiteElo "1814"]
[BlackElo "1406"]
[PlyCount "103"]
[EventDate "2021.04.24"]
[EventType "swiss (rapid)"]
[EventRounds "8"]
[EventCountry "NET"]
[SourceTitle "EXT 2023"]
[Source "ChessBase"]
[SourceDate "2022.10.05"]
[SourceVersion "1"]
[SourceVersionDate "2022.10.05"]
[SourceQuality "1"]

1. e4 c5 2. Nf3 d6 3. d4 cxd4 4. Qxd4 a6 5. h3 Nc6 6. Qe3 Nf6 7. Be2 e5 8. 0-0 Be7 9. c4 0-0 10. Nc3 Be6 11. Nd5 Bxd5 12. cxd5 Nb8 13. Bd2 Nbd7 14. b4 b5 15. a4 Qb6 16. axb5 axb5 17. Qxb6 Nxb6 18. Bxb5 Nxe4 19. Bc6 Rab8 20. b5 f5 21. Bb4 g5 22. Nxe5 dxe5 23. Bxe7 Rf7 24. d6 Nc8 25. Bd5 Ncxd6 26. Bxd6 Nxd6 27. Rfb1 Rxb5 28. Rxb5 Nxb5 29. Ra5 Nd6 30. Ra6 Ne4 31. Ra7 Nd6 32. Rd7 Kg7 33. Rxd6 Re7 34. f3 h5 35. Kf2 f4 36. Be4 Kg8 37. Rh6 h4 38. Rg6+ Rg7 39. Bd5+ Kf8 40. Re6 Re7 41. Rxe7 Kxe7 42. Ke2 Kd6 43. Be4 Kc5 44. Kd3 Kb4 45. Bf5 Kc5 46. Ke4 Kc4 47. Kxe5 Kc3 48. Kf6 Kd2 49. Kxg5 Ke2 50. Kxh4 Kf2 51. Kg4 Kxg2 52. Kxf4 1-0

[Event "EU-ch Amateur Online 1700/2000"]
[Site "Tornelo INT"]
[Date "2021.04.24"]
[Round "4"]
[White "Palaiologou, Apostolos"]
[Black "Briem, Benedikt"]
[Result "0-1"]
[WhiteElo "1406"]
[BlackElo "1903"]
[PlyCount "104"]
[EventDate "2021.04.24"]
[EventType "swiss (rapid)"]
[EventRounds "8"]
[EventCountry "NET"]
[SourceTitle "EXT 2023"]
[Source "ChessBase"]
[SourceDate "2022.10.05"]
[SourceVersion "1"]
[SourceVersionDate "2022.10.05"]
[SourceQuality "1"]

1. e4 c5 2. Nf3 Nc6 3. d4 cxd4 4. Nxd4 Nf6 5. Nc3 h5 6. h3 e5 7. Ndb5 d6 8. Bg5 a6 9. Na3 Be6 10. Bc4 Rc8 11. Bd5 Be7 12. Bxf6 gxf6 13. Nc4 Nd4 14. Ne3 Qb6 15. 0-0 Qxb2 16. Ne2 Nxc2 17. Nxc2 Qxc2 18. Bxb7 Qxd1 19. Rfxd1 Rc2 20. Ng3 a5 21. Bd5 h4 22. Nf1 Bxd5 23. Rxd5 Rc4 24. Ne3 Rxe4 25. Rxa5 Kd7 26. Nd5 Ke6 27. a4 Rb8 28. Ne3 Rbb4 29. Ra7 Bd8 30. a5 Ra4 31. Rxa4 Rxa4 32. a6 Bb6 33. Ra8 Bxe3 34. fxe3 f5 35. a7 Kd5 36. Kf2 Ke4 37. Rh8 Ra2+ 38. Kg1 Rxa7 39. Rxh4+ Kxe3 40. Rb4 d5 41. Rb5 Ke4 42. h4 f6 43. Kf2 d4 44. Rb3 d3 45. Rb6 Rd7 46. Rb1 Kf4 47. g3+ Kg4 48. Rb8 d2 49. Rg8+ Kh3 50. g4 d1Q 51. gxf5 Rd2+ 52. Ke3 Qe2# 0-1

[Event "EU-ch Amateur Online 1700/2000"]
[Site "Tornelo INT"]
[Date "2021.04.24"]
[Round "8"]
[White "Wyss, Peter"]
[Black "Palaiologou, Apostolos"]
[Result "0-1"]
[WhiteElo "1851"]
[BlackElo "1406"]
[PlyCount "84"]
[EventDate "2021.04.24"]
[EventType "swiss (rapid)"]
[EventRounds "8"]
[EventCountry "NET"]
[SourceTitle "EXT 2023"]
[Source "ChessBase"]
[SourceDate "2022.10.05"]
[SourceVersion "1"]
[SourceVersionDate "2022.10.05"]
[SourceQuality "1"]

1. e4 c5 2. b3 e6 3. Bb2 d5 4. exd5 exd5 5. Bb5+ Nc6 6. Nf3 Nf6 7. 0-0 Be7 8. Re1 0-0 9. d3 Bg4 10. Nbd2 a6 11. Bxc6 bxc6 12. h3 Bh5 13. Nf1 Nd7 14. Ng3 Bg6 15. Ne5 Nxe5 16. Bxe5 Bf6 17. Qd2 Bxe5 18. Rxe5 Qf6 19. Rae1 a5 20. a4 Qd6 21. Qe3 h6 22. Qf3 c4 23. dxc4 dxc4 24. bxc4 Bxc2 25. Nh5 Rfd8 26. Qg3 Qg6 27. Qa3 Rd1 28. Rxd1 Bxd1 29. Nf4 Qf6 30. Qe3 Bxa4 31. Nd3 Bb3 32. Qd4 a4 33. Nc5 Bxc4 34. Nd7 Qd8 35. Qxc4 Qxd7 36. Rc5 a3 37. Qa2 Qd6 38. Rc2 Qd5 39. Qa1 a2 40. Kh2 Qb3 41. Rb2 Qxb2 42. Qxb2 a1Q 0-1

[Event "EU-ch Amateur Online Final 1400/1700"]
[Site "Tornelo INT"]
[Date "2021.04.18"]
[Round "9"]
[White "Palaiologou, Apostolos"]
[Black "Caceres Benitez, Arturo Eduardo"]
[Result "1-0"]
[WhiteElo "1406"]
[BlackElo "1620"]
[PlyCount "63"]
[EventDate "2021.04.18"]
[EventType "swiss (rapid)"]
[EventRounds "9"]
[EventCountry "NET"]
[SourceTitle "EXT 2023"]
[Source "ChessBase"]
[SourceDate "2022.10.05"]
[SourceVersion "1"]
[SourceVersionDate "2022.10.05"]
[SourceQuality "1"]

1. e4 e5 2. Nf3 Nc6 3. d4 exd4 4. Bc4 Bb4+ 5. c3 dxc3 6. 0-0 Nge7 7. a3 Ba5 8. b4 Bb6 9. Nxc3 0-0 10. Bg5 h6 11. Bh4 g5 12. Bg3 d6 13. Qb3 Ng6 14. Rad1 Qe8 15. Rfe1 Be6 16. Nd5 Bxd5 17. exd5 Nce5 18. Nxe5 Nxe5 19. Bxe5 dxe5 20. d6 cxd6 21. Rxd6 Rd8 22. Rxh6 Kg7 23. Qh3 Rh8 24. Rxh8 Qxh8 25. Qf5 f6 26. Bd3 Qh6 27. h4 gxh4 28. Re4 Rxd3 29. Rg4+ Kf7 30. Qxd3 Ke6 31. Qc4+ Ke7 32. Qg8 1-0

[Event "EU-ch Amateur Online Final 1400/1700"]
[Site "Tornelo INT"]
[Date "2021.04.18"]
[Round "7"]
[White "Palaiologou, Apostolos"]
[Black "Dutre, Wonder"]
[Result "1-0"]
[WhiteElo "1406"]
[BlackElo "1632"]
[PlyCount "55"]
[EventDate "2021.04.18"]
[EventType "swiss (rapid)"]
[EventRounds "9"]
[EventCountry "NET"]
[SourceTitle "EXT 2023"]
[Source "ChessBase"]
[SourceDate "2022.10.05"]
[SourceVersion "1"]
[SourceVersionDate "2022.10.05"]
[SourceQuality "1"]

1. e4 c6 2. d4 d5 3. exd5 cxd5 4. c4 Nf6 5. Nc3 Bf5 6. Qb3 Qd7 7. cxd5 a6 8. Nf3 e6 9. Bc4 exd5 10. Nxd5 Nxd5 11. Bxd5 Nc6 12. 0-0 Bd6 13. Re1+ Kf8 14. Ne5 Bxe5 15. dxe5 Rd8 16. Bf3 Be6 17. Qb6 h6 18. Bf4 g5 19. Rad1 Qxd1 20. Rxd1 Rxd1+ 21. Bxd1 gxf4 22. Qxb7 Ne7 23. Bf3 Bxa2 24. Qxa6 Be6 25. Qd6 Ke8 26. b4 Nc8 27. Bc6+ Bd7 28. Qxd7+ 1-0

[Event "EU-ch Amateur Online Final 1400/1700"]
[Site "Tornelo INT"]
[Date "2021.04.18"]
[Round "3"]
[White "Palaiologou, Apostolos"]
[Black "Sanchez Schneider, Manuel"]
[Result "1-0"]
[WhiteElo "1406"]
[BlackElo "1667"]
[PlyCount "113"]
[EventDate "2021.04.18"]
[EventType "swiss (rapid)"]
[EventRounds "9"]
[EventCountry "NET"]
[SourceTitle "EXT 2023"]
[Source "ChessBase"]
[SourceDate "2022.10.05"]
[SourceVersion "1"]
[SourceVersionDate "2022.10.05"]
[SourceQuality "1"]

1. e4 e6 2. d3 d5 3. Nd2 Nf6 4. Ngf3 c5 5. g3 Nc6 6. Bg2 Be7 7. 0-0 0-0 8. Re1 Rb8 9. e5 Nd7 10. Nf1 d4 11. h4 Qc7 12. Bf4 b5 13. N1h2 Qb6 14. Ng4 Bb7 15. h5 h6 16. Qd2 f5 17. exf6 Nxf6 18. Nxf6+ Bxf6 19. Bxb8 Nxb8 20. Qe2 Re8 21. Ne5 Bxg2 22. Kxg2 Na6 23. Kg1 Nb4 24. Nd7 Qd6 25. Nxf6+ gxf6 26. Qg4+ Kh8 27. Re2 Qe7 28. Rae1 e5 29. Qg6 Nxa2 30. Qxh6+ Kg8 31. Ra1 Nb4 32. Qg6+ Kf8 33. h6 Qf7 34. h7 Qxg6 35. h8Q+ Ke7 36. Rxa7+ Ke6 37. Qh3+ f5 38. c3 dxc3 39. bxc3 Nc6 40. Ra6 Kd6 41. Qg2 e4 42. dxe4 fxe4 43. Rd2+ Kc7 44. Qh3 Re7 45. Qh4 Qe6 46. Qf4+ Kb7 47. Rd6 Qe5 48. Rdxc6 Qxf4 49. gxf4 Rd7 50. Rab6+ Ka7 51. Rxb5 Rd3 52. Rbxc5 Rf3 53. Rc4 Rxf4 54. Kg2 Kb7 55. R6c5 Rf7 56. Rb4+ Ka7 57. Ra5# 1-0

[Event "EU-ch Amateur Online 1400/1700"]
[Site "Tornelo INT"]
[Date "2021.04.17"]
[Round "4"]
[White "Palaiologou, Apostolos"]
[Black "Mackowiak, Szymon"]
[Result "1-0"]
[WhiteElo "1406"]
[BlackElo "1671"]
[PlyCount "183"]
[EventDate "2021.04.17"]
[EventType "swiss (rapid)"]
[EventRounds "8"]
[EventCountry "NET"]
[SourceTitle "EXT 2023"]
[Source "ChessBase"]
[SourceDate "2022.10.05"]
[SourceVersion "1"]
[SourceVersionDate "2022.10.05"]
[SourceQuality "1"]

1. e4 d5 2. exd5 Qxd5 3. Nc3 Qd8 4. d4 Nf6 5. Nf3 c6 6. Bc4 Bf5 7. 0-0 e6 8. Re1 Be7 9. Bg5 0-0 10. h3 h6 11. Bh4 Nbd7 12. Qd2 b5 13. Bd3 Bxd3 14. Qxd3 b4 15. Ne2 c5 16. c3 a5 17. Rad1 Nd5 18. Bxe7 Qxe7 19. c4 N5b6 20. Nf4 cxd4 21. Nxd4 Qf6 22. Nh5 Qg5 23. Ng3 Ne5 24. Qe4 Nexc4 25. b3 Na3 26. Nxe6 fxe6 27. Qxe6+ Rf7 28. Qxb6 Raf8 29. Re2 Rf6 30. Qd4 R6f7 31. Qd5 Nb5 32. Re5 Qf4 33. Qxb5 Qxf2+ 34. Kh2 Rf3 35. Qd5+ Kh8 36. Nh5 g6 37. Kh1 gxh5 38. gxf3 Rg8 39. f4 Qh4 40. Re3 Qxf4 41. Qe5+ Qxe5 42. Rxe5 Kh7 43. Rxh5 Rg3 44. Kh2 Rc3 45. Rxa5 Kg6 46. Ra4 Rc2+ 47. Kh1 Kg5 48. Rxb4 Rxa2 49. Rc4 Rb2 50. b4 Kf5 51. Rd3 Ke5 52. h4 h5 53. Rc5+ Ke4 54. Rdd5 Kf3 55. Rf5+ Kg3 56. Rg5+ Kh3 57. Rc3+ Kxh4 58. Rgc5 Kg4 59. R5c4+ Kg5 60. Rc5+ Kg4 61. b5 h4 62. R5c4+ Kg5 63. Rc6 Kg4 64. R3c4+ Kh3 65. Rc3+ Kg4 66. b6 h3 67. R6c4+ Kf5 68. Rf3+ Ke5 69. Rxh3 Rb1+ 70. Kh2 Rb2+ 71. Kg3 Rb3+ 72. Kh4 Rxb6 73. Kg5 Kd5 74. Rg4 Ke5 75. Re3+ Kd5 76. Re1 Rb8 77. Kf4 Rf8+ 78. Kg3 Rh8 79. Kg2 Rf8 80. Rg3 Kd4 81. Rd1+ Ke4 82. Ra1 Kd4 83. Ra4+ Kc5 84. Rg5+ Kb6 85. Re4 Rf6 86. Reg4 Rf8 87. Rh4 Kc6 88. Rh6+ Kd7 89. Rg7+ Ke8 90. Ra6 Rg8 91. Rxg8+ Kf7 92. Rgg6 1-0

[Event "EU-ch Amateur Online 1400/1700"]
[Site "Tornelo INT"]
[Date "2021.04.17"]
[Round "2"]
[White "Palaiologou, Apostolos"]
[Black "Schroeder, Justin"]
[Result "1-0"]
[WhiteElo "1406"]
[BlackElo "1646"]
[PlyCount "61"]
[EventDate "2021.04.17"]
[EventType "swiss (rapid)"]
[EventRounds "8"]
[EventCountry "NET"]
[SourceTitle "EXT 2023"]
[Source "ChessBase"]
[SourceDate "2022.10.05"]
[SourceVersion "1"]
[SourceVersionDate "2022.10.05"]
[SourceQuality "1"]

1. e4 c5 2. Nf3 d6 3. d4 cxd4 4. Nxd4 g6 5. Nc3 Bg7 6. Be3 a6 7. g3 Nc6 8. Bg2 Bd7 9. 0-0 Rb8 10. Qd2 Nf6 11. Rad1 0-0 12. h3 Qc7 13. Nd5 Nxd5 14. exd5 Ne5 15. b3 f5 16. c4 Be8 17. Ne6 Qd7 18. Nxf8 Bxf8 19. Bh6 Nf7 20. Bxf8 Kxf8 21. Rfe1 Kg7 22. f4 b5 23. Re2 Qa7+ 24. Kh2 Nd8 25. Rde1 Rb7 26. Qc3+ Kg8 27. c5 dxc5 28. d6 e6 29. Bxb7 Qxb7 30. Qf6 Bd7 31. Qxd8+ 1-0

[Event "GRE-chT Online Rapid op 1st"]
[Site "Tornelo INT"]
[Date "2021.02.21"]
[Round "5.21"]
[White "Lakafosis, Ioannis"]
[Black "Palaiologou, Apostolos"]
[Result "0-1"]
[WhiteElo "1938"]
[BlackElo "1406"]
[PlyCount "62"]
[EventDate "2021.02.20"]
[EventType "team-swiss (rapid)"]
[EventRounds "9"]
[EventCountry "GRE"]
[SourceTitle "EXT 2023"]
[Source "ChessBase"]
[SourceDate "2022.10.05"]
[SourceVersion "1"]
[SourceVersionDate "2022.10.05"]
[SourceQuality "1"]

1. e4 c5 2. Nc3 Nc6 3. f4 e6 4. Nf3 d5 5. Bb5 a6 6. Bxc6+ bxc6 7. d3 Bb7 8. 0-0 Nf6 9. Qe2 d4 10. Nd1 Be7 11. Nf2 0-0 12. Ne5 a5 13. a4 Nd7 14. Nfg4 f5 15. Nxd7 Qxd7 16. Ne5 Qc7 17. Rf3 Bf6 18. Nc4 e5 19. exf5 Rfe8 20. Qf2 e4 21. dxe4 Rxe4 22. Bd2 Ba6 23. Bxa5 Qe7 24. Nb6 Re8 25. Qg3 c4 26. Rd1 d3 27. cxd3 cxd3 28. Bc3 Bxc3 29. bxc3 d2 30. c4 Re1+ 31. Rf1 Rxd1 0-1

[Event "GRE-chT Online Rapid op 1st"]
[Site "Tornelo INT"]
[Date "2021.02.21"]
[Round "6.20"]
[White "Palaiologou, Apostolos"]
[Black "Korniotis, Filippos"]
[Result "0-1"]
[WhiteElo "1406"]
[BlackElo "2133"]
[PlyCount "82"]
[EventDate "2021.02.20"]
[EventType "team-swiss (rapid)"]
[EventRounds "9"]
[EventCountry "GRE"]
[SourceTitle "EXT 2023"]
[Source "ChessBase"]
[SourceDate "2022.10.05"]
[SourceVersion "1"]
[SourceVersionDate "2022.10.05"]
[SourceQuality "1"]

1. e4 d5 2. exd5 Nf6 3. d4 Bg4 4. Be2 Bxe2 5. Nxe2 Qxd5 6. 0-0 Nc6 7. c4 Qxc4 8. b3 Qd5 9. Nbc3 Qh5 10. Bf4 0-0-0 11. Qc2 e6 12. a3 Bd6 13. Bxd6 Rxd6 14. Rac1 Rhd8 15. Rfd1 Qg6 16. Nb5 R6d7 17. Qc5 Kb8 18. a4 Ne4 19. Qa3 a6 20. Rxc6 bxc6 21. Qb4 cxb5 22. axb5 Rd6 23. bxa6+ Rb6 24. a7+ Kb7 25. Qe7 Qf6 26. Qa3 Qxf2+ 27. Kh1 Qxe2 28. Ra1 Ra6 29. Qb4+ Kxa7 30. Rc1 Nf2+ 31. Kg1 Nh3+ 32. Kh1 Nf2+ 33. Kg1 Rd7 34. Qc5+ Kb7 35. Qb4+ Rb6 36. Qa5 Nd3 37. Ra1 Qe3+ 38. Kh1 Nf2+ 39. Kg1 Nh3+ 40. Kh1 Qg1+ 41. Rxg1 Nf2# 0-1